IFM Opac

Risk Appraisal (Record no. 17187)

MARC details
000 -LEADER
fixed length control field 00342nam a22001457a 4500
082 ## - DEWEY DECIMAL CLASSIFICATION NUMBER
Classification number 368 DIN
100 ## - MAIN ENTRY--PERSONAL NAME
Personal name Dingman W. H
245 ## - TITLE STATEMENT
Title Risk Appraisal
250 ## - EDITION STATEMENT
Edition statement 2nd Edition
260 ## - PUBLICATION, DISTRIBUTION, ETC.
Name of publisher, distributor, etc. The National Underwriter company
Date of publication, distribution, etc. 1957
300 ## - PHYSICAL DESCRIPTION
Extent vii;781cm
Other physical details ill,;22cm
500 ## - GENERAL NOTE
General note includes; index
650 ## - SUBJECT ADDED ENTRY--TOPICAL TERM
Topical term or geographic name entry element Risk Appraisal
942 ## - ADDED ENTRY ELEMENTS (KOHA)
Koha item type Books
Holdings
Withdrawn status Lost status Damaged status Not for loan Home library Current library Date acquired Total Checkouts Full call number Date last seen Price effective from Koha item type Shelving location Barcode
        IFM Main Campus Library IFM Main Campus Library 08/01/2017   368 DIN 08/01/2017 08/01/2017 Books    
Withdrawn       IFM Main Campus Library IFM Main Campus Library 08/01/2017   368 DIN 08/01/2017 02/19/2022 Books Archival Collection 0000015597